| 000 | 00759cam a2200265 4500500 | ||
|---|---|---|---|
| 005 | 20260405002649.0 | ||
| 041 | _afre | ||
| 042 | _adc | ||
| 100 | 1 | 0 |
_aTenaillon, Nicolas _eauthor |
| 245 | 0 | 0 | _aSolstice d’hiver. Alain, les Juifs, Hitler et l’Occupation |
| 260 | _c2018. | ||
| 500 | _a60 | ||
| 690 | _aAlain | ||
| 690 | _aAntisémitisme | ||
| 690 | _aCatherine Portevin | ||
| 690 | _aCollaboration | ||
| 690 | _aHitler | ||
| 690 | _aIIIe Reich | ||
| 690 | _aJournal | ||
| 690 | _aNazisme | ||
| 690 | _aNormandie | ||
| 690 | _aOnfray | ||
| 786 | 0 | _nPhilosophie magazine | 117 | 3 | 2018-03-01 | p. 42-44 | 1951-1787 | |
| 856 | 4 | 1 | _uhttps://shs.cairn.info/magazine-philosophie-magazine-2018-3-page-42?lang=fr&redirect-ssocas=7080 |
| 999 |
_c2059854 _d2059854 |
||